Geography Quiz

Random Geography or Blitz Quiz

European Cities Sorting Blitz Quiz Stats

 Plays Quiz Updated Feb 22, 2020

Support Sporcle.
Go Orange.
Score 0/32 Timer 01:00
3 Plays Today
% Correct
???
57.8%
???
55.9%
???
54.8%
???
52.9%
???
52.6%
???
50.9%
???
50.5%
???
50.4%
???
49.6%
???
49.1%
???
48.3%
???
47.4%
???
46.7%
???
46.3%
???
43.2%
???
43.1%
% Correct
???
40.8%
???
40.7%
???
40.6%
???
39.8%
???
38.8%
???
37%
???
36.7%
???
36.4%
???
36%
???
35.8%
???
35.7%
???
35.6%
???
33.3%
???
30.6%
???
30%
???
24.5%

From the Vault

Find the Ceremonial Counties of England

by smac17

What are we celebrating? We're still putting together the party planning committee.
Remove Ads.
Support Sporcle.
Get the best of Sporcle when you Go Orange. This ad-free experience offers more features, more stats, and more fun while also helping to support Sporcle. Thank you for becoming a member.

Show Comments

Extras

Top Quizzes Today


Score Distribution

Your Account Isn't Verified!

In order to create a playlist on Sporcle, you need to verify the email address you used during registration. Go to your Sporcle Settings to finish the process.

Report this User

Report this user for behavior that violates our Community Guidelines.

Details: